Telesná výchova & Šport vedecký a odborný recenzovaný časopis Slovenskej vedeckej spoločnosti pre telesnú výchovu a šport

Salvato in:
Dettagli Bibliografici
Natura: Periodico
Lingua:slovacco
Pubblicazione: Bratislava Slovenská vedecká spoločnosť pre telesnú výchovu a šport
Soggetti:
Tags: Aggiungi Tag
Nessun Tag, puoi essere il primo ad aggiungerne!!

MARC

LEADER 00000nas1a2200000$$$4500
001 0083201
005 20230525103227.3
022 |a 1335-2245 
022 |a 2730-017X 
041 0 |a slo 
044 |a SK 
245 1 0 |a Telesná výchova & Šport  |b vedecký a odborný recenzovaný časopis Slovenskej vedeckej spoločnosti pre telesnú výchovu a šport 
264 1 |a Bratislava  |b Slovenská vedecká spoločnosť pre telesnú výchovu a šport 
500 |a Do r. 2021 vychádzal v printovej verzii 4x ročne pod názvom: Telesná výchova a šport: časopis Slovenskej vedeckej spoločnosti pre telesnú výchovu a šport 
610 2 0 |a šport